English for human resources (Kèm theo CD/ 823-24)

Gorde:
Xehetasun bibliografikoak
Formatua: Liburua
Argitaratua: 2007
Etiketak: Etiketa erantsi
Etiketarik gabe, Izan zaitez lehena erregistro honi etiketa jartzen!
Thư viện lưu trữ: Mạng thư viện Đại học Đà Nẵng
LEADER 00457nam a22001811a 4500
001 000038414
003 14709
005 20160412021309.0
008 160412s2007 000
082 |a 4A(07)2523 
245 |a English for human resources (Kèm theo CD/ 823-24)  |c Pat Pledger 
260 |c 2007 
OWN |a LNN 
999 |a From the UDN01 
TYP |a Monograph 
980 |a Mạng thư viện Đại học Đà Nẵng